LIBRARY & INFORMATION CENTRE, KCAET, TAVANUR

ONLINE PUBLIC ACCESS CATALOGUE (OPAC)

Normal view MARC view
  • Seth, S M

Entry Personal Name

Number of records used in: 4

001 - CONTROL NUMBER

  • control field: 2071

003 - CONTROL NUMBER IDENTIFIER

  • control field: OSt

005 - DATE AND TIME OF LATEST TRANSACTION

  • control field: 20170804151916.0

008 - FIXED-LENGTH DATA ELEMENTS

  • fixed length control field: 170804|| aca||aabn | a|a d

040 ## - CATALOGING SOURCE

  • Original cataloging agency: OSt
  • Transcribing agency: OSt

100 ## - HEADING--PERSONAL NAME

  • Personal name: Seth, S M

670 ## - SOURCE DATA FOUND

  • Source citation: Work cat.: (OSt): Modi, P N. 130, Irrigation Water Resources and Water Power Engineering, 2015
free website counter